00537nam a2200181Ia 450000500170000000800410001704000190005804100120007708200150008910000170010424500420012126000330016330000290019650400190022565000200024465100810026485000100034520230713120231.0131103s9999 xx 000 0 und d aLoreto College aEnglish a635.9bHER aHersey, Jean aGarden in your windowcby Jean Hersey aLondonbAndrew Melrosec1933 axiv, 228 p.b ill., fig. aIncludes index aFloriculture -  aGarden crops (Horticulture) - Vegetables - Flowers and ornamental plants -  aLCLIB